Constitution-making for a democracy (Record no. 121485)
[ view plain ]
| 000 -LEADER | |
|---|---|
| fixed length control field | 00948cam a22003011 4500 |
| 001 - CONTROL NUMBER | |
| control field | 10300824 |
| 003 - CONTROL NUMBER IDENTIFIER | |
| control field | ARRUPE |
| 005 - DATE AND TIME OF LATEST TRANSACTION | |
| control field | 20141219140056.0 |
| 008 - FIXED-LENGTH DATA ELEMENTS--GENERAL INFORMATION | |
| fixed length control field | 800213s1960 sa 000 0 eng |
| 010 ## - LIBRARY OF CONGRESS CONTROL NUMBER | |
| LC control number | 60029862 |
| 035 ## - SYSTEM CONTROL NUMBER | |
| System control number | (OCoLC)5981299 |
| 040 ## - CATALOGING SOURCE | |
| Original cataloging agency | DLC |
| Transcribing agency | ViBlbV |
| Modifying agency | DLC |
| 042 ## - AUTHENTICATION CODE | |
| Authentication code | premarc |
| 050 00 - LIBRARY OF CONGRESS CALL NUMBER | |
| Classification number | DT779.7 |
| Item number | .C6 |
| 082 ## - DEWEY DECIMAL CLASSIFICATION NUMBER | |
| Classification number | 968.05 |
| 300 ## - PHYSICAL DESCRIPTION | |
| Dimensions | 23 cm. |
| 100 1# - MAIN ENTRY--PERSONAL NAME | |
| Personal name | Cowen, Denis V. |
| Fuller form of name | (Denis Victor) |
| 9 (RLIN) | 13363 |
| 245 10 - TITLE STATEMENT | |
| Title | Constitution-making for a democracy |
| Remainder of title | an alternative to apartheid. |
| 260 ## - PUBLICATION, DISTRIBUTION, ETC. (IMPRINT) | |
| Place of publication, distribution, etc | [Johannesburg, |
| Name of publisher, distributor, etc | Anglo American Corp. of South Africa, |
| Date of publication, distribution, etc | 1960] |
| 300 ## - PHYSICAL DESCRIPTION | |
| Extent | 41 p. |
| 500 ## - GENERAL NOTE | |
| General note | Cover title. |
| 500 ## - GENERAL NOTE | |
| General note | "Supplement to Optima, March 1960." |
| 504 ## - BIBLIOGRAPHY, ETC. NOTE | |
| Bibliography, etc | Bibliographical footnotes. |
| 650 #0 - SUBJECT ADDED ENTRY--TOPICAL TERM | |
| Topical term or geographic name as entry element | Civil rights |
| Geographic subdivision | South Africa. |
| 9 (RLIN) | 13364 |
| 651 #0 - SUBJECT ADDED ENTRY--GEOGRAPHIC NAME | |
| Geographic name | South Africa |
| General subdivision | Foreign relations. |
| 9 (RLIN) | 13365 |
| 730 0# - ADDED ENTRY--UNIFORM TITLE | |
| Uniform title | Optima. Supplement. |
| 9 (RLIN) | 13366 |
| 906 ## - LOCAL DATA ELEMENT F, LDF (RLIN) | |
| a | 7 |
| b | cbc |
| c | oclcrpl |
| d | u |
| e | ncip |
| f | 19 |
| g | y-gencatlg |
| 942 ## - ADDED ENTRY ELEMENTS (KOHA) | |
| Source of classification or shelving scheme | Library of Congress Classification |
| Koha item type | SPC |
| Withdrawn status | Lost status | Source of classification or shelving scheme | Damaged status | Not for loan | Collection code | Home library | Current library | Shelving location | Date acquired | Total Checkouts | Full call number | Barcode | Date last seen | Price effective from | Koha item type |
|---|---|---|---|---|---|---|---|---|---|---|---|---|---|---|---|
| Library of Congress Classification | SPECIAL Collection | ARRUPE LIBRARY | ARRUPE LIBRARY | Main Collection | 11/12/2014 | SPC DT779.7 .C6 | 46500003428 | 11/12/2014 | 11/12/2014 | SPC |